| 000 -ლიდერი |
| ფიქსირებული სიგრძის საკონტროლო ველი |
01390nam a22002537a 4500 |
| 003 - საკონტროლო ნომრის იდენტიფიკატორი |
| საკონტროლო ველი |
Ge_BSU |
| 005 - ბოლო ოპერაციის თარიღი და დრო |
| საკონტროლო ველი |
20230307170507.0 |
| 008 - ფიქსირებული სიგრძის მონაცემთა ელემენტები - ზოგადი ინფორმაცია |
| ფიქსირებული სიგრძის საკონტროლო ველი |
230307s2003 ge ||||| |||| 00| 0 geo d |
| 020 ## - წიგნის საერთაშორისო სტანდარტული ნომერი |
| International Standard Book Number |
9994072927 |
| 041 ## - ენის კოდი |
| Language code of text/sound track or separate title |
geo |
| 080 ## - უნივერსალური ათობითი კლასიფიკაციის ინდექსი |
| Universal Decimal Classification number |
342.731 ა-36 |
| 245 ## - ცნობა სათაურის შესახებ |
| Title |
აზრის, სინდისისა და რელიგიის თავისუფლება : |
| Remainder of title |
[გზამკვლევი] / |
| Statement of responsibility, etc |
ავტ.: თამარ გურჩიანი, სიმონ პაპუაშვილი ; რედ.: ნანა ფრუიძე, ლალი ჩხეტია]. |
| 264 ## - წარმოების, გამოცემის, დისტრიბუციის და სხვა ცნობები |
| გამოცემის, წარმოების, დისტრიბუციის... ადგილი |
თბილისი : |
| გამოცემის, წარმოების, დისტრიბუციის... სახელწოდება |
საია, |
| გამოცემის, წარმოების, დისტრიბუციის... თარიღი |
2003. |
| 300 ## - ფიზიკური აღწერა |
| Extent |
134 გვ. ; |
| Other physical details |
20 სმ. |
| 490 ## - სერიის ცნობა |
| Series statement |
ახალგაზრდა იურისტთა ბიბლიოთეკა ; |
| Volume number/sequential designation |
4 |
| 504 ## - BIBLIOGRAPHY, ETC. NOTE |
| Bibliography, etc |
ბიბლიოგრ.: გვ. 133-134. |
| 653 ## - INDEX TERM--UNCONTROLLED |
| Uncontrolled term |
სარწმუნოების თავისუფლება |
| 653 ## - INDEX TERM--UNCONTROLLED |
| Uncontrolled term |
სინდისის თავისუფლება |
| 700 ## - ADDED ENTRY--PERSONAL NAME |
| Personal name |
გურჩიანი, თამარ |
| Relator term |
ავტორი |
| 9 (RLIN) |
17135 |
| 700 ## - ADDED ENTRY--PERSONAL NAME |
| Personal name |
პაპუაშვილი, სიმონ |
| Relator term |
ავტორი |
| 9 (RLIN) |
17136 |
| 700 ## - ADDED ENTRY--PERSONAL NAME |
| Personal name |
ფრუიძე, ნანა |
| Relator term |
რედაქტორი |
| 9 (RLIN) |
5777 |
| 700 ## - ADDED ENTRY--PERSONAL NAME |
| Personal name |
ჩხეტია, ლალი |
| Relator term |
რედაქტორი |
| 9 (RLIN) |
17137 |
| 942 ## - ADDED ENTRY ELEMENTS (KOHA) |
| Source of classification or shelving scheme |
|
| Koha item type |
წიგნი |